000 00794nam a2200193Ia 4500
003 GCL
008 140319s9999 xx 000 0 ara d
040 _aGCL /
_cGCL
082 0 4 _a862
_bا ب
100 1 _aالبرتى، رفائيل
245 1 0 _aنصوص من المسرح الاسبانى والارجنتينى /
_cالبرتى، رفائيل
700 1 _aموثو، خيرونيمولوبث
260 _aالقاهرة :
_bوزارة الثقافة - مهرجان القاهرة الدولى للمسرح التجريبى ،
_c1995
300 _a408 ص ؛
_c32 سم
650 0 4 _aالمسرحيات الاسبانية المترجمة
650 0 4 _aالمسرحيات الارجنتينية
650 0 4 _aالمسرحيات الاسبانية - مجموعات
942 _2ddc
_cBK
999 _c57606
_d57606